La Versione catalana della Inchiesta del San Graal : Secondo il codice dell'Ambrosiana di Milano I. 79 sup. / publicata da Vincenzo Crescini e Venanzio Todesco Secondo il codice dell'Ambrosiana di Milano I. 79 sup. / publicata da Vincenzo Crescini e Venanzio Todesco
Descripción Física:
LXVII, 221 p., 2 làm. ; 25 cm
Materias:
Graal
MARC
| LEADER | 00000nam a2200000Ia 4500 | ||
|---|---|---|---|
| 001 | 7861 | ||
| 008 | 160829s1917 xx 000 0 cat d | ||
| 710 | 2 | |a Institut d'Estudis Catalans |9 52284 | |
| 710 | 1 | |a Barcelona (Catalunya : Província). |b Diputació |9 52408 | |
| 952 | |0 0 |1 0 |4 0 |6 L1314 |7 1 |9 42381 |a Arxiu |b Arxiu |d 2016-12-01 |l 0 |o L-1-314 |p 7861 |r 2016-12-01 00:00:00 |w 2016-12-01 |y ARXIU | ||
| 999 | |c 44859 |d 44859 | ||
| 080 | |a L-1-314 | ||
| 245 | |a La Versione catalana della Inchiesta del San Graal : |b Secondo il codice dell'Ambrosiana di Milano I. 79 sup. / publicata da Vincenzo Crescini e Venanzio Todesco | ||
| 260 | |a Barcelona : |b Institut d'Estudis Catalans. Palau de la Diputació, |c 1917 | ||
| 300 | |a LXVII, 221 p., 2 làm. ; |c 25 cm | ||
| 490 | |a Biblioteca filològica de l'Institut de la llengua catalana ; X | ||
| 650 | 0 | |a Graal |9 29712 | |
| 700 | |a Crescini, Vincenzo |9 22922 | ||
| 700 | |a Todesco, Venanzio |9 22923 | ||
| 901 | |a Arxiu | ||
| 942 | |n 1 |2 udc | ||